Repealing the Act of May, 1926 (44 STAT. 498), Relating to the Condemnation of Certain Lands of the Pueblo Indians in the State of New Mexico.

Bibliographic Details
Corporate Authors: United States. Congress. Senate. Committee on Interior and Insular Affairs, ProQuest (Firm)
Format: eBook
Language:English
Published: Washington : [publisher not identified], 1975.
Series:United States congressional serial set.
Subjects:
Online Access:Connect to the full text of this electronic book

MARC

Tag First Indicator Second Indicator Subfields
LEADER 00000cam a22000001a 4500
001 in00002845331
005 20190331171841.0
006 m o d
007 cr bn mmmapmmp
008 110622s1975 dcu o f000 0 eng d
035 |a cis2004608114 
040 |a ProQuest  |c ProQuest  |d UtOrBLW 
043 |a n-us--- 
099 |a ProQuest Serial Set Number 13096-3 S.rp.148 
110 1 |a United States.  |b Congress.  |b Senate.  |b Committee on Interior and Insular Affairs. 
245 1 0 |a Repealing the Act of May, 1926 (44 STAT. 498), Relating to the Condemnation of Certain Lands of the Pueblo Indians in the State of New Mexico. 
264 1 |a Washington :  |b [publisher not identified],  |c 1975. 
300 |a 1 online resource. 
336 |a text  |b txt  |2 rdacontent 
337 |a computer  |b c  |2 rdamedia 
338 |a online resource  |b cr  |2 rdacarrier 
490 0 |a S. Rpt. 94-148 
500 |a Record is based on bibliographic data in ProQuest U.S. Serial Set Digital Collection (last viewed June 2011). Reuse except for individual research requires license from ProQuest, LLC. 
510 3 |a ProQuest U.S. Serial Set Digital Collection 
500 |a Electronic resource. 
650 0 |a Eminent domain. 
650 0 |a Indians of North America. 
651 0 |a New Mexico. 
655 7 |a Electronic books.  |2 local 
710 2 |a ProQuest (Firm) 
830 0 |a United States congressional serial set. 
856 4 0 |u http://proxy.library.tamu.edu/login?url=http://congressional.proquest.com/congcomp/getdoc?SERIAL-SET-ID=13096-3+S.rp.148  |z Connect to the full text of this electronic book  |t 0 
999 |a MARS 
999 f f |s 247046a2-bef4-3c80-944b-266c787b2f4d  |i 1d7095e3-75a9-387b-b03a-25acb73254e2  |t 0 
952 f f |a Texas A&M University  |b College Station  |c Electronic Resources  |d Available Online  |t 0  |e ProQuest Serial Set Number 13096-3 S.rp.148  |h Other scheme 
998 f f |a ProQuest Serial Set Number 13096-3 S.rp.148  |t 0  |l Available Online